000 00850nam a2200253Ia 4500
003 GCL
008 140319s9999 xx 000 0 ara d
040 _aGCL /
_cGCL
082 0 4 _a590.3
_bم م
100 1 _aامين رشيد حمدى
245 1 0 _aموسوعة الغد :
_bعلم الحيواان /
_cامين رشيد حمدى
700 1 _aمحمد فؤاد ابراهيم
260 _aالقاهرة :
_bمؤسسة الاهرام ،
_c1979
300 _a649 ص ؛
_c32 سم
650 0 4 _aدوائر المعارف
650 0 4 _aالفقاريات
650 0 4 _aالحشرات
650 0 4 _aالحيوان
650 0 4 _aالحيوانات البحرية
650 0 4 _aحيوانات المياة العذبة
650 0 4 _aالحيوانات السامة
650 0 4 _aالحيوانات الصحراوية
942 _2ddc
_cREF
999 _c59517
_d59517